<?xml version="1.0" encoding="UTF-8"?>
<record
    xmlns:xsi="http://www.w3.org/2001/XMLSchema-instance"
    xsi:schemaLocation="http://www.loc.gov/MARC21/slim http://www.loc.gov/standards/marcxml/schema/MARC21slim.xsd"
    xmlns="http://www.loc.gov/MARC21/slim">

  <leader>01221nam a22002897a 4500</leader>
  <controlfield tag="005">20170517142826.0</controlfield>
  <datafield tag="010" ind1=" " ind2=" ">
    <subfield code="a">1516EN07       ENG-114801</subfield>
  </datafield>
  <datafield tag="020" ind1=" " ind2=" ">
    <subfield code="a">9780143424840</subfield>
    <subfield code="c">399.00</subfield>
  </datafield>
  <datafield tag="035" ind1=" " ind2=" ">
    <subfield code="a">EN-98333</subfield>
  </datafield>
  <datafield tag="035" ind1=" " ind2=" ">
    <subfield code="a">B-600355-371</subfield>
  </datafield>
  <datafield tag="035" ind1=" " ind2=" ">
    <subfield code="a">B-669784</subfield>
  </datafield>
  <datafield tag="037" ind1=" " ind2=" ">
    <subfield code="a">dpl</subfield>
    <subfield code="b">Pragati/Ven</subfield>
  </datafield>
  <datafield tag="037" ind1=" " ind2=" ">
    <subfield code="b">DBAD/PUB</subfield>
  </datafield>
  <datafield tag="082" ind1=" " ind2=" ">
    <subfield code="a">327.2092</subfield>
  </datafield>
  <datafield tag="100" ind1=" " ind2=" ">
    <subfield code="a">Mehta, Jagat S.</subfield>
  </datafield>
  <datafield tag="245" ind1=" " ind2=" ">
    <subfield code="a">The tryst betrayed :</subfield>
    <subfield code="c">by Jagat S. lllllMehta</subfield>
    <subfield code="b">reflections on diplomacy and development /</subfield>
  </datafield>
  <datafield tag="260" ind1=" " ind2=" ">
    <subfield code="b">Penguin Books</subfield>
    <subfield code="c">2015</subfield>
    <subfield code="a">Gurgaon</subfield>
  </datafield>
  <datafield tag="270" ind1=" " ind2=" ">
    <subfield code="a">7th Floor, Infinity Tower C, DLF Cyber City</subfield>
    <subfield code="b">Gurgaon</subfield>
    <subfield code="e">122002</subfield>
  </datafield>
  <datafield tag="300" ind1=" " ind2=" ">
    <subfield code="a">xi,342p., [8] p. of plates :</subfield>
    <subfield code="c">22cm(pbk)</subfield>
    <subfield code="b">ill</subfield>
  </datafield>
  <datafield tag="500" ind1=" " ind2=" ">
    <subfield code="a">includes index</subfield>
  </datafield>
  <datafield tag="520" ind1=" " ind2=" ">
    <subfield code="a"> Memoirs of the author, former Indian foreign secretary.</subfield>
  </datafield>
  <datafield tag="600" ind1=" " ind2=" ">
    <subfield code="a">Mehta, Jagat S.</subfield>
  </datafield>
  <datafield tag="650" ind1=" " ind2=" ">
    <subfield code="a"> Diplomats</subfield>
    <subfield code="z">India  </subfield>
    <subfield code="v">Biography.</subfield>
  </datafield>
  <datafield tag="942" ind1=" " ind2=" ">
    <subfield code="2">ddc</subfield>
    <subfield code="c">EN</subfield>
    <subfield code="m">MEH</subfield>
    <subfield code="h">327.2092</subfield>
  </datafield>
  <datafield tag="999" ind1=" " ind2=" ">
    <subfield code="c">95895</subfield>
    <subfield code="d">95895</subfield>
  </datafield>
  <datafield tag="952" ind1=" " ind2=" ">
    <subfield code="0">0</subfield>
    <subfield code="1">0</subfield>
    <subfield code="4">0</subfield>
    <subfield code="7">1</subfield>
    <subfield code="8">NFIC</subfield>
    <subfield code="a">DBAD</subfield>
    <subfield code="b">DBAD</subfield>
    <subfield code="d">2016-01-29</subfield>
    <subfield code="e">DBAD/PUB</subfield>
    <subfield code="g">399.00</subfield>
    <subfield code="l">0</subfield>
    <subfield code="o">327.2092 MEH</subfield>
    <subfield code="p">EN-98333</subfield>
    <subfield code="r">2016-01-29 00:00:00</subfield>
    <subfield code="t">1</subfield>
    <subfield code="v">399.00</subfield>
    <subfield code="y">EN</subfield>
  </datafield>
  <datafield tag="952" ind1=" " ind2=" ">
    <subfield code="0">0</subfield>
    <subfield code="1">0</subfield>
    <subfield code="4">0</subfield>
    <subfield code="7">0</subfield>
    <subfield code="8">NFIC</subfield>
    <subfield code="a">L</subfield>
    <subfield code="b">L</subfield>
    <subfield code="d">2016-05-09</subfield>
    <subfield code="e">11/25.9.2015/133/16.9.2015/30.9.2015</subfield>
    <subfield code="g">399.00</subfield>
    <subfield code="l">1</subfield>
    <subfield code="o">327.2092 MEH</subfield>
    <subfield code="p">B-600355</subfield>
    <subfield code="r">2018-09-24 00:00:00</subfield>
    <subfield code="s">2018-09-04</subfield>
    <subfield code="t">1</subfield>
    <subfield code="v">399.00</subfield>
    <subfield code="y">EN</subfield>
  </datafield>
  <datafield tag="952" ind1=" " ind2=" ">
    <subfield code="0">0</subfield>
    <subfield code="1">0</subfield>
    <subfield code="4">0</subfield>
    <subfield code="7">1</subfield>
    <subfield code="8">REF</subfield>
    <subfield code="a">L</subfield>
    <subfield code="b">L</subfield>
    <subfield code="d">2016-05-09</subfield>
    <subfield code="e">11/25.9.2015/133/16.9.2015/30.9.2015</subfield>
    <subfield code="g">399.00</subfield>
    <subfield code="l">0</subfield>
    <subfield code="o">327.2092 MEH</subfield>
    <subfield code="p">B-600356</subfield>
    <subfield code="r">2016-05-09 00:00:00</subfield>
    <subfield code="t">1</subfield>
    <subfield code="v">399.00</subfield>
    <subfield code="y">EN</subfield>
  </datafield>
  <datafield tag="952" ind1=" " ind2=" ">
    <subfield code="0">0</subfield>
    <subfield code="1">0</subfield>
    <subfield code="4">0</subfield>
    <subfield code="7">0</subfield>
    <subfield code="8">NFIC</subfield>
    <subfield code="a">M</subfield>
    <subfield code="b">M</subfield>
    <subfield code="d">2016-05-09</subfield>
    <subfield code="e">11/25.9.2015/133/16.9.2015/30.9.2015</subfield>
    <subfield code="g">399.00</subfield>
    <subfield code="l">0</subfield>
    <subfield code="o">327.2092 MEH</subfield>
    <subfield code="p">B-600357</subfield>
    <subfield code="r">2016-05-09 00:00:00</subfield>
    <subfield code="t">2</subfield>
    <subfield code="v">399.00</subfield>
    <subfield code="y">EN</subfield>
  </datafield>
  <datafield tag="952" ind1=" " ind2=" ">
    <subfield code="0">0</subfield>
    <subfield code="1">0</subfield>
    <subfield code="4">0</subfield>
    <subfield code="7">0</subfield>
    <subfield code="8">NFIC</subfield>
    <subfield code="a">M</subfield>
    <subfield code="b">M</subfield>
    <subfield code="d">2016-05-09</subfield>
    <subfield code="e">11/25.9.2015/133/16.9.2015/30.9.2015</subfield>
    <subfield code="g">399.00</subfield>
    <subfield code="l">0</subfield>
    <subfield code="o">327.2092 MEH</subfield>
    <subfield code="p">B-600358</subfield>
    <subfield code="r">2016-05-09 00:00:00</subfield>
    <subfield code="t">2</subfield>
    <subfield code="v">399.00</subfield>
    <subfield code="y">EN</subfield>
  </datafield>
  <datafield tag="952" ind1=" " ind2=" ">
    <subfield code="0">0</subfield>
    <subfield code="1">0</subfield>
    <subfield code="4">0</subfield>
    <subfield code="7">0</subfield>
    <subfield code="8">NFIC</subfield>
    <subfield code="a">NPL</subfield>
    <subfield code="b">NPL</subfield>
    <subfield code="d">2016-05-09</subfield>
    <subfield code="e">11/25.9.2015/133/16.9.2015/30.9.2015</subfield>
    <subfield code="g">399.00</subfield>
    <subfield code="l">0</subfield>
    <subfield code="o">327.2092 MEH</subfield>
    <subfield code="p">B-600359</subfield>
    <subfield code="r">2016-05-09 00:00:00</subfield>
    <subfield code="t">1</subfield>
    <subfield code="v">399.00</subfield>
    <subfield code="y">EN</subfield>
  </datafield>
  <datafield tag="952" ind1=" " ind2=" ">
    <subfield code="0">0</subfield>
    <subfield code="1">0</subfield>
    <subfield code="4">0</subfield>
    <subfield code="7">0</subfield>
    <subfield code="8">NFIC</subfield>
    <subfield code="a">BL1</subfield>
    <subfield code="b">BL1</subfield>
    <subfield code="d">2016-05-09</subfield>
    <subfield code="e">11/25.9.2015/133/16.9.2015/30.9.2015</subfield>
    <subfield code="g">399.00</subfield>
    <subfield code="l">1</subfield>
    <subfield code="m">2</subfield>
    <subfield code="o">327.2092 MEH</subfield>
    <subfield code="p">B-600360</subfield>
    <subfield code="r">2020-02-07 00:00:00</subfield>
    <subfield code="s">2020-01-03</subfield>
    <subfield code="t">1</subfield>
    <subfield code="v">399.00</subfield>
    <subfield code="y">EN</subfield>
  </datafield>
  <datafield tag="952" ind1=" " ind2=" ">
    <subfield code="0">0</subfield>
    <subfield code="1">0</subfield>
    <subfield code="4">0</subfield>
    <subfield code="7">0</subfield>
    <subfield code="8">NFIC</subfield>
    <subfield code="a">KGM</subfield>
    <subfield code="b">KGM</subfield>
    <subfield code="d">2016-05-09</subfield>
    <subfield code="e">11/25.9.2015/133/16.9.2015/30.9.2015</subfield>
    <subfield code="g">399.00</subfield>
    <subfield code="l">0</subfield>
    <subfield code="o">327.2092 MEH</subfield>
    <subfield code="p">B-600361</subfield>
    <subfield code="r">2016-05-09 00:00:00</subfield>
    <subfield code="t">1</subfield>
    <subfield code="v">399.00</subfield>
    <subfield code="y">EN</subfield>
  </datafield>
  <datafield tag="952" ind1=" " ind2=" ">
    <subfield code="0">0</subfield>
    <subfield code="1">0</subfield>
    <subfield code="4">0</subfield>
    <subfield code="7">0</subfield>
    <subfield code="8">NFIC</subfield>
    <subfield code="a">PR</subfield>
    <subfield code="b">PR</subfield>
    <subfield code="d">2016-05-09</subfield>
    <subfield code="e">11/25.9.2015/133/16.9.2015/30.9.2015</subfield>
    <subfield code="g">399.00</subfield>
    <subfield code="l">0</subfield>
    <subfield code="o">327.2092 MEH</subfield>
    <subfield code="p">B-600362</subfield>
    <subfield code="r">2016-05-09 00:00:00</subfield>
    <subfield code="t">1</subfield>
    <subfield code="v">399.00</subfield>
    <subfield code="y">EN</subfield>
  </datafield>
  <datafield tag="952" ind1=" " ind2=" ">
    <subfield code="0">0</subfield>
    <subfield code="1">0</subfield>
    <subfield code="4">0</subfield>
    <subfield code="7">0</subfield>
    <subfield code="8">NFIC</subfield>
    <subfield code="a">TN</subfield>
    <subfield code="b">TN</subfield>
    <subfield code="d">2016-05-09</subfield>
    <subfield code="e">11/25.9.2015/133/16.9.2015/30.9.2015</subfield>
    <subfield code="g">399.00</subfield>
    <subfield code="l">0</subfield>
    <subfield code="o">327.2092 MEH</subfield>
    <subfield code="p">B-600363</subfield>
    <subfield code="r">2016-05-09 00:00:00</subfield>
    <subfield code="t">1</subfield>
    <subfield code="v">399.00</subfield>
    <subfield code="y">EN</subfield>
  </datafield>
  <datafield tag="952" ind1=" " ind2=" ">
    <subfield code="0">0</subfield>
    <subfield code="1">0</subfield>
    <subfield code="4">0</subfield>
    <subfield code="7">0</subfield>
    <subfield code="8">NFIC</subfield>
    <subfield code="a">JP</subfield>
    <subfield code="b">JP</subfield>
    <subfield code="d">2016-05-09</subfield>
    <subfield code="e">11/25.9.2015/133/16.9.2015/30.9.2015</subfield>
    <subfield code="g">399.00</subfield>
    <subfield code="l">0</subfield>
    <subfield code="o">327.2092 MEH</subfield>
    <subfield code="p">B-600364</subfield>
    <subfield code="r">2016-05-09 00:00:00</subfield>
    <subfield code="t">1</subfield>
    <subfield code="v">399.00</subfield>
    <subfield code="y">EN</subfield>
  </datafield>
  <datafield tag="952" ind1=" " ind2=" ">
    <subfield code="0">0</subfield>
    <subfield code="1">0</subfield>
    <subfield code="4">0</subfield>
    <subfield code="7">0</subfield>
    <subfield code="8">NFIC</subfield>
    <subfield code="a">ZLS</subfield>
    <subfield code="b">ZLS</subfield>
    <subfield code="d">2016-05-09</subfield>
    <subfield code="e">11/25.9.2015/133/16.9.2015/30.9.2015</subfield>
    <subfield code="g">399.00</subfield>
    <subfield code="l">1</subfield>
    <subfield code="m">1</subfield>
    <subfield code="o">327.2092 MEH</subfield>
    <subfield code="p">B-600365</subfield>
    <subfield code="r">2018-10-27 00:00:00</subfield>
    <subfield code="s">2018-10-13</subfield>
    <subfield code="t">1</subfield>
    <subfield code="v">399.00</subfield>
    <subfield code="y">EN</subfield>
  </datafield>
  <datafield tag="952" ind1=" " ind2=" ">
    <subfield code="0">0</subfield>
    <subfield code="1">0</subfield>
    <subfield code="4">0</subfield>
    <subfield code="7">0</subfield>
    <subfield code="8">NFIC</subfield>
    <subfield code="a">RKP</subfield>
    <subfield code="b">RKP</subfield>
    <subfield code="d">2016-05-09</subfield>
    <subfield code="e">11/25.9.2015/133/16.9.2015/30.9.2015</subfield>
    <subfield code="g">399.00</subfield>
    <subfield code="l">1</subfield>
    <subfield code="o">327.2092 MEH</subfield>
    <subfield code="p">B-600366</subfield>
    <subfield code="r">2024-12-14 00:00:00</subfield>
    <subfield code="s">2024-12-07</subfield>
    <subfield code="t">1</subfield>
    <subfield code="v">399.00</subfield>
    <subfield code="y">EN</subfield>
  </datafield>
  <datafield tag="952" ind1=" " ind2=" ">
    <subfield code="0">0</subfield>
    <subfield code="1">0</subfield>
    <subfield code="4">0</subfield>
    <subfield code="7">0</subfield>
    <subfield code="8">NFIC</subfield>
    <subfield code="a">ZLS</subfield>
    <subfield code="b">ZLS</subfield>
    <subfield code="d">2016-05-09</subfield>
    <subfield code="e">11/25.9.2015/133/16.9.2015/30.9.2015</subfield>
    <subfield code="g">399.00</subfield>
    <subfield code="l">2</subfield>
    <subfield code="m">3</subfield>
    <subfield code="o">327.2092 MEH</subfield>
    <subfield code="p">B-600367</subfield>
    <subfield code="r">2023-08-08 00:00:00</subfield>
    <subfield code="s">2023-06-26</subfield>
    <subfield code="t">1</subfield>
    <subfield code="v">399.00</subfield>
    <subfield code="y">EN</subfield>
  </datafield>
  <datafield tag="952" ind1=" " ind2=" ">
    <subfield code="0">0</subfield>
    <subfield code="1">0</subfield>
    <subfield code="4">0</subfield>
    <subfield code="7">0</subfield>
    <subfield code="8">NFIC</subfield>
    <subfield code="a">BN</subfield>
    <subfield code="b">BN</subfield>
    <subfield code="d">2016-05-09</subfield>
    <subfield code="e">11/25.9.2015/133/16.9.2015/30.9.2015</subfield>
    <subfield code="g">399.00</subfield>
    <subfield code="l">3</subfield>
    <subfield code="m">2</subfield>
    <subfield code="o">327.2092 MEH</subfield>
    <subfield code="p">B-600368</subfield>
    <subfield code="r">2022-10-31 00:00:00</subfield>
    <subfield code="s">2022-10-17</subfield>
    <subfield code="t">1</subfield>
    <subfield code="v">399.00</subfield>
    <subfield code="y">EN</subfield>
  </datafield>
  <datafield tag="952" ind1=" " ind2=" ">
    <subfield code="0">0</subfield>
    <subfield code="1">0</subfield>
    <subfield code="4">0</subfield>
    <subfield code="7">0</subfield>
    <subfield code="8">NFIC</subfield>
    <subfield code="a">NR</subfield>
    <subfield code="b">NR</subfield>
    <subfield code="d">2016-05-09</subfield>
    <subfield code="e">11/25.9.2015/133/16.9.2015/30.9.2015</subfield>
    <subfield code="g">399.00</subfield>
    <subfield code="l">0</subfield>
    <subfield code="o">327.2092 MEH</subfield>
    <subfield code="p">B-600369</subfield>
    <subfield code="r">2016-05-09 00:00:00</subfield>
    <subfield code="t">1</subfield>
    <subfield code="v">399.00</subfield>
    <subfield code="y">EN</subfield>
  </datafield>
  <datafield tag="952" ind1=" " ind2=" ">
    <subfield code="0">0</subfield>
    <subfield code="1">0</subfield>
    <subfield code="4">0</subfield>
    <subfield code="7">0</subfield>
    <subfield code="8">NFIC</subfield>
    <subfield code="a">BN</subfield>
    <subfield code="b">BN</subfield>
    <subfield code="d">2016-05-09</subfield>
    <subfield code="e">11/25.9.2015/133/16.9.2015/30.9.2015</subfield>
    <subfield code="g">399.00</subfield>
    <subfield code="l">0</subfield>
    <subfield code="o">327.2092 MEH</subfield>
    <subfield code="p">B-600370</subfield>
    <subfield code="r">2016-05-09 00:00:00</subfield>
    <subfield code="t">1</subfield>
    <subfield code="v">399.00</subfield>
    <subfield code="y">EN</subfield>
  </datafield>
  <datafield tag="952" ind1=" " ind2=" ">
    <subfield code="0">0</subfield>
    <subfield code="1">0</subfield>
    <subfield code="4">0</subfield>
    <subfield code="7">0</subfield>
    <subfield code="8">NFIC</subfield>
    <subfield code="a">BL4</subfield>
    <subfield code="b">BL4</subfield>
    <subfield code="d">2016-05-09</subfield>
    <subfield code="e">11/25.9.2015/133/16.9.2015/30.9.2015</subfield>
    <subfield code="g">399.00</subfield>
    <subfield code="l">0</subfield>
    <subfield code="o">327.2092 MEH</subfield>
    <subfield code="p">B-600371</subfield>
    <subfield code="r">2016-05-09 00:00:00</subfield>
    <subfield code="t">1</subfield>
    <subfield code="v">399.00</subfield>
    <subfield code="y">EN</subfield>
  </datafield>
  <datafield tag="952" ind1=" " ind2=" ">
    <subfield code="0">0</subfield>
    <subfield code="1">0</subfield>
    <subfield code="4">0</subfield>
    <subfield code="7">0</subfield>
    <subfield code="8">NFIC</subfield>
    <subfield code="a">AV</subfield>
    <subfield code="b">AV</subfield>
    <subfield code="d">2017-05-17</subfield>
    <subfield code="e">BPPD/EN/2016-17/AV/16-17/399/15.2.2017/597/3.3.2017/ 24.3.2017</subfield>
    <subfield code="g">399.00</subfield>
    <subfield code="l">2</subfield>
    <subfield code="m">2</subfield>
    <subfield code="o">327.2092 MEH</subfield>
    <subfield code="p">B-669784</subfield>
    <subfield code="r">2021-06-09 00:00:00</subfield>
    <subfield code="s">2021-03-27</subfield>
    <subfield code="t">1</subfield>
    <subfield code="v">399.00</subfield>
    <subfield code="w">2017-05-17</subfield>
    <subfield code="y">EN</subfield>
  </datafield>
</record>
